| 000 | 02799nam a2200313 i 4500 | ||
|---|---|---|---|
| 001 | 000014399 | ||
| 003 | DO-SdBNP | ||
| 005 | 20250206081027.0 | ||
| 007 | ta | ||
| 008 | 091211s2003 dr ao 001 e spa d | ||
| 020 | _z070003358402031 | ||
| 040 |
_aDO-SdBNP _bspa _cBNPHU _erda |
||
| 082 | 4 |
_a920 _bM433r, 2003 _222 |
|
| 100 | 1 |
_aMatos, Libio Amaury, _eautor _4aut. _932509 |
|
| 245 | 1 | 3 |
_aEl rebelde invencible Enrique Blanco / _cLibio Amaury Matos. |
| 250 | _asegunda edición | ||
| 264 | 1 |
_aSanto Domingo : _bEditora Universitaria - UASD, _c2003. |
|
| 300 |
_a169 páginas : _bIlustraciones ; _c21 cm. |
||
| 336 |
_atexto _btxt _2rdacontent |
||
| 337 |
_asin mediación _bn _2rdamedia |
||
| 338 |
_avolumen _bnc _2rdacarrier |
||
| 504 | _aBibliografía : páginas 165 | ||
| 505 |
_aIntroducción-- _gDedicatoria-- _gTema I-- _tOrígenes de Enríque Blanco-- _gTema II-- _tSu paso por el Ejército Dominicano-- _gTema III-- _tDeserción y Fuga del Ejército de Enríque Blanco-- _tTema IV-- _tRelación de Enríque Blanco con Los Policías Motorizados de Carretera-- _gTema V-- _tEl Choque de Enríque Blanco con la Gaurdia de Monte Adentro-- _gTema VI _tEl Encuentro de Enríque Blanco y el Chivato Piro de la Rosa-- _gTema VII-- _tEnríque Blanco y sus Solicitudes de Préstamos Personales-- _gTema VIII-- _tEl Choque entre Enríque Blanco yn el Sargento "Mata de Coco"-- _gTema IX-- _tEl Choque entre Enrique Blanco y el Guardia Camino a Jacagua-- _gTema X-- _tLa Historia de Enríque Blanco y el Brujo Haitiano que lo "Preparó"-- _gTema XI-- _tEnríque Blanco y sus Poderes Sobrenaturales-- _gTema XII-- _tLa historia de Enríque Blanco y El Tamborero Batero-- _gTema XIII-- _tLa historia de Enríque Blanco y el Alcalde Ayudante de Monte Adentro, Tamboril-- _gTema XIV-- _tEl Choque entre Enríque Blanco y la Patrulla de Monte Adentro-- _gTema XV-- _tLa historia de Enríque Blanco y el Alcalde de Esperanza, Mao-- _gTema XVI-- _tLa historia de Enríque Blanco y Ramón Montan (a) Mon Cigarro-- |
||
| 505 |
_aTema XVII--
_tLa hsitoria de Enríque Blanco y la Fiesta de El Cajuil-- _gTema XVIII-- _tEnrique Blanco y las fiestas de Perico Ripiao realizadas en el Cibao-- _gTema XIX. _tEl Asalto de enríque Blanco al Cuartel de Joba, Gaspar Hernández.-- _gTema XX-- _tEnríque Blanco y la brigada del ejército dirigida por el Capitán Pedro Andújar-- _gTema XXI _tFidelidad y sacrificios de los amigos de Enríque Blanco-- _gTema XXII-- _tEnríque Blanco y los campesinos delCibao, en la República Domincana-- _gTema XXIII-- _tMuerte y Sepultura de Enríque Blanco-- _gTema XXIV-- _tConsideraciones Finales del autor-- _tBibliografía-- _tNotas del autor. |
||
| 590 | _aInventariado 2024 / MF | ||
| 600 | 1 | 4 |
_aBlanco, Enríque, _x1907-1936 _932510 |
| 710 | 2 |
_aUniversidad Autónoma de Santo Domingo _972951 |
|
| 942 |
_2ddc _cLBS1 |
||
| 999 |
_c13990 _d13990 |
||